000 00470nam a2200145Ia 4500
008 210210b2001 xxu||||| |||| 00| 0 eng d
020 _a0 19 521835 3
082 _a338.91 HUMA
100 _aHUMAN DEVELOPMENT REPORT 2001.
245 _aHuman development report 2001: making new technologies work for human development.
260 _aNew York.
_bUnited Nations Development Programme.,
_c2001
300 _axiii,264
690 _aEconomic Development
906 _a056750
999 _c103921
_d103921